000 00358pam a2200157a 44500
008 230515b2009 xxu||||| |||| 00| 0 eng d
020 _aNULL
041 _aENGLISH
082 _a515 RIC
100 _aBURDEN RICHARD
245 _aNUMERICAL ANALYSIS THEORY & APPLICATIONS
250 _a1
260 _aNULL
_bNA
_c2009
300 _a779
650 _aNULL
999 _c640366
_d640366